5HLuxD.jpg

KING HENRY VIII SENIOR AND PRIMARY SCHOOL LIBRARY OPAC

Tales from a not-so-popular party girl / (Record no. 3193)

000 -LEADER
fixed length control field 01282cam a2200349 a 4500
001 - CONTROL NUMBER
control field (Sirsi) a642731
003 - CONTROL NUMBER IDENTIFIER
control field OSt
005 - DATE AND TIME OF LATEST TRANSACTION
control field 20231101100847.0
008 - FIXED-LENGTH DATA ELEMENTS--GENERAL INFORMATION
fixed length control field 100927s2010 nyu c 000 1 eng
010 ## - LIBRARY OF CONGRESS CONTROL NUMBER
LC control number 2009039508
020 ## - INTERNATIONAL STANDARD BOOK NUMBER
International Standard Book Number 9781416980087 (hard : alk. paper) :
040 ## - CATALOGING SOURCE
Original cataloging agency DLC
Transcribing agency DLC
Modifying agency BTCTA
-- WIQ
-- TAE
-- KH8
042 ## - AUTHENTICATION CODE
Authentication code nbic
082 0# - DEWEY DECIMAL CLASSIFICATION NUMBER
Classification number FIC RUS
100 1# - MAIN ENTRY--PERSONAL NAME
Personal name Russell, Rachel Renee.
Relator term Author
245 10 - TITLE STATEMENT
Title Tales from a not-so-popular party girl /
Statement of responsibility, etc. by Rachel Renee Russell.
246 3# - VARYING FORM OF TITLE
Title proper/short title Dork diaries :
Remainder of title Tales from a not-so-popular party girl.
250 ## - EDITION STATEMENT
Edition statement 1st Aladdin hardcover ed.
260 ## - PUBLICATION, DISTRIBUTION, ETC.
Place of publication, distribution, etc. New York :
Name of publisher, distributor, etc. Aladdin,
Date of publication, distribution, etc. 2010.
300 ## - PHYSICAL DESCRIPTION
Extent 279 p. :
Other physical details ill. ;
Dimensions 21 cm.
490 0# - SERIES STATEMENT
Series statement Dork diaries.
520 ## - SUMMARY, ETC.
Summary, etc. Nikki's diary describes a frightful Halloween, on which she helps with her sister's ballet class party at the same time she is Brandon's date for their middle school Halloween dance, where she has promised to spend the evening with her two best friends.
521 1# - TARGET AUDIENCE NOTE
Target audience note 9-12.
650 #1 - SUBJECT ADDED ENTRY--TOPICAL TERM
Topical term or geographic name entry element Parties
Form subdivision Fiction.
650 #1 - SUBJECT ADDED ENTRY--TOPICAL TERM
Topical term or geographic name entry element Halloween
Form subdivision Fiction.
650 #1 - SUBJECT ADDED ENTRY--TOPICAL TERM
Topical term or geographic name entry element Friendship
Form subdivision Fiction.
650 #1 - SUBJECT ADDED ENTRY--TOPICAL TERM
Topical term or geographic name entry element Popularity
Form subdivision Fiction.
650 #1 - SUBJECT ADDED ENTRY--TOPICAL TERM
Topical term or geographic name entry element Middle schools
Form subdivision Fiction.
650 #1 - SUBJECT ADDED ENTRY--TOPICAL TERM
Topical term or geographic name entry element Schools
Form subdivision Fiction.
650 #1 - SUBJECT ADDED ENTRY--TOPICAL TERM
Topical term or geographic name entry element Diaries
Form subdivision Fiction.
942 ## - ADDED ENTRY ELEMENTS (KOHA)
Source of classification or shelving scheme
Koha item type Books - Fiction
Holdings
Withdrawn status Lost status Source of classification or shelving scheme Damaged status Not for loan Collection code Permanent Location Current Location Shelving location Date acquired Total Checkouts Total Renewals Full call number Barcode Date last seen Date last checked out Price effective from Koha item type
          Fiction KH8 Primary School Library KH8 Primary School Library Fiction 2023-11-01 21 1 FIC RUS KHPL000004339 2026-03-18 2026-02-27 2023-11-01 Books - Fiction

Powered By KH8 IT Dept